|
|
|
|
| LEADER |
01337nam a2200241 i 4500 |
| 003 |
GR-PaULI |
| 005 |
20211202101141.0 |
| 008 |
211202s1906 au g 000 0 lat d |
| 952 |
|
|
|0 0
|1 0
|2 ddc
|3 τ.3
|4 0
|6 781_710000000000000_BIB
|7 1
|9 353011
|a LISP
|b LISP
|c DON
|d 2021-12-02
|e ΨΥΧ
|i 253731
|l 0
|o 781.71 BIB
|p 025000287915
|r 2021-12-02 00:00:00
|t 1
|w 2021-12-02
|y BKN
|
| 952 |
|
|
|0 0
|1 0
|2 ddc
|3 τ.2
|4 0
|6 781_710000000000000_BIB
|7 1
|9 353012
|a LISP
|b LISP
|c DON
|d 2021-12-02
|e ΨΥΧ
|i 253730
|l 0
|o 781.71 BIB
|p 025000287908
|r 2021-12-02 00:00:00
|t 1
|w 2021-12-02
|y BKN
|
| 999 |
|
|
|c 207051
|d 207051
|
| 040 |
|
|
|a GR-PaULI
|b gre
|c GR-PaULI
|e AACR2
|
| 082 |
0 |
4 |
|a 781.71
|2 23
|
| 245 |
0 |
0 |
|a Biblia sacra :
|b ex ipsis exemplaribus vaticanis inter se atque cum indice errorum corrigendorum collatis : cum approbatione ecclesiastica /
|c critice edidit P. Michael Hetzenaver.
|
| 250 |
|
|
|a Vulgate editionis.
|
| 260 |
|
|
|a Oeniponte :
|b Sumptibus Librariae Academicae Wagnerianae,
|c 1906.
|
| 300 |
|
|
|a 2 τ. ;
|c 26 εκ.
|
| 505 |
|
|
|a τ.2 - [400] σ. - Liber Psalmorum, Liber Machabaforum -- τ.3 - 178 σ. - Novum Testamentum
|
| 650 |
|
4 |
|9 175160
|a Εκκλησιαστική μουσική
|x Καθολική εκκλησία
|
| 650 |
|
4 |
|9 104288
|a Ψαλμοί
|
| 700 |
1 |
|
|9 188766
|a Hetzenaver, Michael P.,
|e επιμελητής.
|
| 942 |
|
|
|2 ddc
|c BK
|
| 998 |
|
|
|c Σαλαμούρα
|d 2021-12
|